000 00565nam a22001697a 4500
999 _c12011
_d12011
008 190115b ||||| |||| 00| 0 eng d
020 _a97155-0234-2
082 _21997
_aDFil 899.21103
_bG99
100 _aGuzman, Gloria V.
_934086
245 _aSumisilip na ang ligaya /
_cGloria V. Guzman
260 _aQuezon City:
_bADMU Press,
_c1997
300 _aPages 209-217;
_c18 cm.
500 _aDamdamin ni Corazon at iba pang mga Kuwento
650 _aWomen -- literary collections
_934087
650 _aPhilippine short stories (Filipino)
_934088
942 _2ddc
_cDFIL